000 00262nam a22001217a 4500
008 170720b xxu||||| |||| 00| 0 eng d
041 _aeng
080 _a2
100 _a24
101 _aTEO
245 _aWHY I AM NOT A CHRISTIAN
_cRUSSELL, B
942 _2udc
_cBK
999 _c21642
_d21642